UBT Library

Real estate law / (Record no. 40516)

000 -LEADER
fixed length control field 00551cam a2200217 a 4500
001 - CONTROL NUMBER
control field 1462242
005 - DATE AND TIME OF LATEST TRANSACTION
control field 20180118095705.0
008 - FIXED-LENGTH DATA ELEMENTS--GENERAL INFORMATION
fixed length control field 861008s1987 ilua 001 0 eng
010 ## - LIBRARY OF CONGRESS CONTROL NUMBER
LC control number 86026204
020 ## - INTERNATIONAL STANDARD BOOK NUMBER
International Standard Book Number 0884626148
040 ## - CATALOGING SOURCE
Original cataloging agency DLC
Transcribing agency DLC
Modifying agency DLC
041 ## - LANGUAGE CODE
Language code of text/sound track or separate title eng
043 ## - GEOGRAPHIC AREA CODE
Geographic area code n-us---
080 ## - UNIVERSAL DECIMAL CLASSIFICATION NUMBER
Universal Decimal Classification number 346.73043 FRA
082 00 - DEWEY DECIMAL CLASSIFICATION NUMBER
Classification number 346.73043 FRA
Edition number 19
100 1# - Rafti
Rafti 14.
101 ## - Shkurtesa
Shkurtesa JUR
245 10 - TITLE STATEMENT
Title Real estate law /
Statement of responsibility, etc Frank Gibson, James Karp, Elliot Klayman.
906 ## - LOCAL DATA ELEMENT F, LDF (RLIN)
a 7
b cbc
c orignew
d 1
e ocip
f 19
g y-gencatlg
942 ## - ADDED ENTRY ELEMENTS (KOHA)
Source of classification or shelving scheme
Item type Books

No items available.

UBT Library © 2015-2024. All rights reserved University Education for Business and Technology